000 00887nas a2200277 4500
001 BR2010000423
003 BR-BrBNA
005 20231205113837.0
007 ta
008 230509b bl.|||p| |||| 00| 00por d
040 _aBR-BrBNA
_bpor
_cBiblioteca Nacional de Agricultura
041 _a(Pt)
072 _aL53
100 1 _aViveiros, A.T.M.
100 1 _aOliveira, A.V.
100 1 _aMaria, A.N.
100 1 _aOrfão, L.H.
100 1 _aSouza, J.C.
245 1 _aSensibilidade dos espermatozóides de dourado (Salminus brasiliensis)a diferentes soluções crioprotetoras
650 _aDOURADO
650 _aESPERMATOZÓIDE
650 _aCRIOPRESERVAÇÃO
773 0 _tArquivo Brasileiro de Medicina Veterinária e Zootecnia (Brazil)
_xISSN 0102-0935
_g(Aug 2009), v. 61(4) p. 883-889
_wBR2010000423
909 _a202311
_bLúcia
_c55
_dLúcia Elande
942 _2AGRIS
_n0
_cANA
999 _c205915
_d205915